000 00648nam a2200241Ia 4500
003 OSt
005 20221007070828.0
006 a|||||r|||| 00| 0
007 ta
008 221006b |||||||| |||| 00| 0 eng d
024 _a26,822
037 _cTextual
040 _aFLL
_cFLL
_beng
041 _2eng
_aeng
082 _aX:9:Z73y7, J3
100 _aSmith Russell A.
_9687774
245 0 _aLabor law
250 _a2nd
260 _aIndianapolis
_bThe Bobbs-Merrill Company, Inc. Indianapolis
_c1953
300 _axxxiii,1-1003p
_ccm.
942 _hX:9:Z73y7, J3
_cTEXL
_2CC
999 _c1141655
_d1141655